000 00771pam a2200229 a 4500
001 3503986
005 20180103085639.0
008 950404s1996 caua bs 001 0 eng
010 _a 95002886
020 _a0534152228 (acidfree paper)
040 _aDLC
_cDLC
_dDLC
041 _aeng
080 _a519.502435 GIV
082 0 0 _a519.502435 GIV
_220
100 1 _a55
101 _aSTA
245 1 0 _aStatistical analysis for public administration /
_cLawrence L. Giventer.
504 _aIncludes bibliographical references and index.
906 _a7
_bcbc
_corignew
_d1
_eocip
_f19
_gy-gencatlg
942 _2ddc
_cBK
999 _c39655
_d39655